Penyakit kulit berjangkit di asrama

Bibliographic Details
Main Author: Wan Ghazali Wan Mohamed
Other Authors: Wan Nasihah Wan Abdullah
Format: Book
Published: Kuala Lumpur : Dewan Bahasa dan Pustaka , 1999
Subjects:

MARC

LEADER 00000cam a2200000 7i4500
001 0000057227
005 20151221.0
008 151221
020 |a 9789836253392 
020 |a 9836253394 
090 0 0 |a 616.5   |b WAN 
100 1 |a Wan Ghazali Wan Mohamed 
245 1 0 |a Penyakit kulit berjangkit di asrama   |c Wan Ghazali Wan Mohamed dan Wan Nasihah Wan Abdullah 
260 |a Kuala Lumpur :   |b Dewan Bahasa dan Pustaka ,   |c 1999 
300 |a 55 pg :   |b (i)bw & col 
500 |a Includes Bibliography 57 pg 
500 |a Includes Index 59-61 pg 
650 0 |a Skin   |x Diseases 
650 0 |a Skin   |x Infections 
700 0 |a Wan Nasihah Wan Abdullah 
999 |a 0000812747   |b Book   |c Adult Collection   |e Cawangan Pontian 
999 |a 0000812749   |b Book   |c Adult Collection   |e Cawangan Tmn. Ungku Tun Aminah 
999 |a 0000812751   |b Book   |c Adult Collection   |e Cawangan Muar 
999 |a 0000812753   |b Book   |c Adult Collection   |e Cawangan Segamat 
999 |a 0000812754   |b Book   |c Adult Collection   |e Cawangan Bandar Penawar 
999 |a 0000812755   |b Book   |c Adult Collection   |e Cawangan Mersing